عرض عادي
عرض مارك
- Bluth, Edward I.
مدخل إسم شخص
001 - رقم الضبط
- حقل الضبط: 11367
003 - معرف رقم الضبط
- حقل الضبط: OSt
005 - تاريخ ووقت أخر عملية
- حقل الضبط: 20120418044619.0
008 - عناصر بيانات ثابتة الطول
- حقل تحكم ثابت الطول: 120418|||a|||||| | ||| d
040 ## - مصدر الفهرسة
- هيئة الفهرسة الأصلية: OSt
- وكالة الكتابة: OSt
100 ## - مدخل -- أسم شخص
- إسم شخص: Bluth, Edward I.
670 ## - بيانات المصدر موجوده
- الاستشهاد بالمصدر: Work cat.: (OSt)23960: Ultrasonography in urology :, c2008.
